15 größte Städte Türkei - Statistiken

Allgemein
  • Dieses Quiz wurde 112 mal gespielt
  • Das Durchschnittsergebnis liegt bei 9 aus 15
Antwortstatistiken
Einwohner Antwort % Korrekt
5.213.000 Ankara
99%
15.903.000 Istanbul
99%
2.619.000 Antalya
92%
4.498.000 Izmir
90%
2.257.000 Adana
72%
3.101.000 Bursa
70%
2.162.000 Konya
69%
1.322.000 Samsun
58%
2.133.000 Gaziantep
53%
1.431.000 Kayseri
48%
1.840.000 Mersin
41%
1.845.000 Diyarbakır
39%
1.312.000 Eskişehir
25%
1.986.000 Kocaeli
13%
2.064.000 Şanlıurfa
13%
Keine übereinstimmenden Quizze gefunden
Verteilung der Resultate
Anzahl Personen mit jedem Resultat
Perzentil nach korrekt beantworteten Fragen
Ihre Resultats-Entwicklung
Sie haben dieses Quiz noch nicht gespielt